LEADER 01391nam--2200445---450- 001 990001861900203316 005 20080304134202.0 035 $a000186190 035 $aUSA01000186190 035 $a(ALEPH)000186190USA01 035 $a000186190 100 $a20040719d1983----km-y0itay0103----ba 101 0 $aita 102 $aIT 105 $a||||||||001yy 200 1 $aRiforma della scuola secondaria superiore$eruolo e compiti degli enti locali$fF. Casati ... [et al.]$ga cura di Giorgio Franchi e Michele Casiraghi 210 $aMilano$cF. Angeli$dcopyr. 1983 215 $a263 p.$d22 cm 225 2 $aCisem quaderni$v4 410 0$12001$aCisem quaderni$v4 454 1$12001 461 1$1001-------$12001 606 0 $aScuole medie superiori$xRiforma$xSaggi 676 $a373.24 702 1$aCASATI,$bFrancesco 702 1$aFRANCHI,$bGiorgio 702 1$aCASIRAGHI,$bMichele 801 0$aIT$bsalbc$gISBD 912 $a990001861900203316 951 $aII.4. 170(Varie coll.786/4)$b15933 L.M.$cVarie coll. 951 $aO821$bDBC$cO821 959 $aBK 969 $aUMA 969 $aDBC 979 $aSIAV3$b10$c20040719$lUSA01$h1609 979 $aSIAV3$b10$c20040719$lUSA01$h1610 979 $aCOPAT2$b90$c20050209$lUSA01$h0924 979 $aDBC$b90$c20080304$lUSA01$h1342 996 $aRiforma della scuola secondaria superiore$9270095 997 $aUNISA LEADER 00812cam0 2200253 450 001 E600200053100 005 20210409081151.0 010 $a0745611850 100 $a20090908d1996 |||||ita|0103 ba 101 $aeng 102 $aUS 200 1 $aAn Introuction to Continental PHilosophy$fDavid West 210 $aCambridge$cPolity Press$d1996 215 $aVIII,278 p.$d23 cm 700 1$aWest$b, David$3A600200056618$4070$0185858 801 0$aIT$bUNISOB$c20210409$gRICA 850 $aUNISOB 852 $aUNISOB$j100$m89086 912 $aE600200053100 940 $aM 102 Monografia moderna SBN 941 $aM 957 $a100$b009584$gSi$d89086$racquisto$1pregresso2$2UNISOB$3UNISOB$420090908062252.0$520210409081140.0$6Alfano 996 $aAn Introuction to Continental PHilosophy$91708932 997 $aUNISOB